Derechos fundamentales y garantías constitucionales

Guardat en:
Dades bibliogràfiques
Autor principal: Nogueira Alcalá, Humberto (autor)
Format: Llibre
Idioma:espanyol
Publicat: Santiago Librotecnia 2008
Edició:2a. ed
Matèries:
Etiquetes: Afegir etiqueta
Sense etiquetes, Sigues el primer a etiquetar aquest registre!

MARC

LEADER 00000nam a2200000 a 4500
001 UCI8938
003 CL-VaPUC
005 20220830123347.0
008 081009e20080000CL |||||||||||||||||spa|d
999 |c 331672  |d 331670 
020 |a 9789567950645oc 
020 |a 9789567950652t.1 
020 |a 9789567950874t.2 
020 |a 9789563270099t.3 
040 |c Pontificia Universidad Católica de Valparaíso 
082 0 4 |a 342.83  |b NOG  |2 21 
100 |a Nogueira Alcalá, Humberto  |e autor  |9 876107 
245 1 0 |a Derechos fundamentales y garantías constitucionales 
250 |a 2a. ed 
260 |a Santiago  |b Librotecnia  |c 2008 
300 |a t 
583 |a last modification  |c 20181115 05:49:12  |k Rodrigo Vera 
650 0 |a Derecho constitucional   |9 222588 
650 0 |a Derechos humanos  |9 223025 
651 7 |a CHILE  |2 CL-VaPUC  |9 532600 
942 |c BK  |2 ddc 
945 |d 20081009 00:00:00  |a jtorresc 
952 |0 0  |1 0  |4 0  |6 342_830000000000000_NOG_2008  |7 0  |8 A  |9 418555  |a BIBDER  |b BIBDER  |d 2019-11-22  |h t.1  |i 4488105  |l 3  |o 342.83 NOG 2008  |p 4488105  |r 2024-06-06  |s 2024-05-30  |w 2019-11-22  |y BK  |k DER 
952 |0 0  |1 0  |4 0  |6 342_830000000000000_NOG_2008  |7 0  |8 A  |9 418556  |a BIBDER  |b BIBDER  |d 2019-11-22  |h t.1  |i 4490398  |o 342.83 NOG 2008  |p 4490398  |r 2023-01-25  |w 2019-11-22  |y BK  |k DER 
952 |0 0  |1 0  |3 erb  |4 0  |6 342_830000000000000_NOG_2008  |7 0  |8 A  |9 418557  |a BIBDER  |b BIBDER  |h t.3  |i 5083273  |l 2  |m 2  |o 342.83 NOG 2008  |p 5083273  |r 2023-06-28  |s 2023-01-19  |w 2019-11-22  |y BK  |z Catalogado en:20140612  |k DER 
952 |0 0  |1 0  |3 erb  |4 0  |6 342_830000000000000_NOG_2008  |7 0  |8 A  |9 418558  |a BIBDER  |b BIBDER  |h t.4  |i 5083281  |o 342.83 NOG 2008  |p 5083281  |r 2023-01-25  |w 2019-11-22  |y BK  |z Catalogado en:20140612  |k DER